Normal view
MARC view
- Bahr, Howard,
Entry Personal Name
001 - CONTROL NUMBER
- control field: 7961
003 - CONTROL NUMBER IDENTIFIER
- control field: NUST
005 - DATE AND TIME OF LATEST TRANSACTION
- control field: 20180102110707.0
008 - FIXED-LENGTH DATA ELEMENTS
- fixed length control field: 180102|| aca||aabn | a|a d
040 ## - CATALOGING SOURCE
- Original cataloging agency: NUST
- Transcribing agency: NUST
100 ## - HEADING--PERSONAL NAME
- Personal name: Bahr, Howard,
- Dates associated with a name: 1946-
670 ## - SOURCE DATA FOUND
- Source citation: Work cat.: (NUST)0: Bahr, Howard, 1946-, Pelican Road :, 2008.
